Central Library OPAC University of Rajshahi

Business mathematics / (Record no. 14959)

MARC details
000 -LEADER
fixed length control field 00720nam a22002417a 4500
001 - CONTROL NUMBER
control field 14959
003 - CONTROL NUMBER IDENTIFIER
rucl marc code BD-RjUL
005 - DATE AND TIME OF LATEST TRANSACTION
control field 20211208235725.0
008 - FIXED-LENGTH DATA ELEMENTS--GENERAL INFORMATION
fixed length control field 140209r20091993I ||||| |||| 00| 0 eng d
020 ## - INTERNATIONAL STANDARD BOOK NUMBER
International Standard Book Number 9788180545382
035 ## - SYSTEM CONTROL NUMBER
System control number (BD-RjUL)15013
040 ## - CATALOGING SOURCE
Original cataloging agency BD-RjUL
Language of cataloging eng
Transcribing agency BD-RjUL
Modifying agency BD-RjUL
041 ## - LANGUAGE CODE
Language code of text/sound track or separate title eng
082 04 - DEWEY DECIMAL CLASSIFICATION NUMBER
Edition number 21
Classification number 650.10513
Author mark and year SAB 2009
100 1# - MAIN ENTRY--PERSONAL NAME
Personal name Sancheti, D. C.
9 (RLIN) 46567
245 ## - TITLE STATEMENT
Title Business mathematics /
Statement of responsibility, etc. D. C. Sancheti and V. K. Kapoor.
250 ## - EDITION STATEMENT
Edition statement 11th rev. ed.
260 ## - PUBLICATION, DISTRIBUTION, ETC. (IMPRINT)
Place of publication, distribution, etc. New Delhi :
Name of publisher, distributor, etc. Sultan Chand & Sons,
Date of publication, distribution, etc. c1993 [Reprinted 2009].
300 ## - PHYSICAL DESCRIPTION
Pagination Various pages :
Illustrations ill. ;
Size 22 cm.
650 #7 - SUBJECT ADDED ENTRY--TOPICAL TERM
Topical term or geographic name as entry element Business mathematics.
9 (RLIN) 46568
700 1# - ADDED ENTRY--PERSONAL NAME
Personal name Kapoor, V. K. ,
942 ## - ADDED ENTRY ELEMENTS (KOHA)
Source of classification or shelving scheme Dewey Decimal Classification
Koha item type Books
Holdings
Lost status Source of classification or shelving scheme Damaged status Not for loan Collection code Permanent Location Current Location Shelving location Date acquired Source of acquisition Cost, normal purchase price Total Checkouts Full call number Date last seen Date checked out Copy number Koha item type Total Renewals
  Dewey Decimal Classification     Non-fiction Central Library, University of Rajshahi Central Library, University of Rajshahi   18/06/2013 Dhaka, Paragon Enterprises Ltd. 880.00 4 650.10513 SAB 2009 26/04/2017 30/03/2017 C-13 Books  
  Dewey Decimal Classification     Non-fiction Central Library, University of Rajshahi Central Library, University of Rajshahi   18/06/2013 Dhaka, Paragon Enterprises Ltd. 700.00 1 650.10513 SAB 2009 27/08/2016 20/08/2016 C-14 Books  
  Dewey Decimal Classification     Non-fiction Central Library, University of Rajshahi Central Library, University of Rajshahi     paragong Enterprises 3557.00 3 650.10513 SAB 2009 05/03/2017 22/02/2017 C-6 Books  
  Dewey Decimal Classification     Non-fiction Central Library, University of Rajshahi Central Library, University of Rajshahi   26/07/2008 Dhaka, paragon enterprizes ltd 260.00   650.10513 SAB 2005 10/03/2014   C-2 Books  
  Dewey Decimal Classification     Non-fiction Central Library, University of Rajshahi Central Library, University of Rajshahi   26/12/2010 Dhaka, Paragon ent. Ltd. 255.00 3 650.10513 SAB 2009 06/03/2019 30/01/2019 C-3 Books 1
  Dewey Decimal Classification     Non-fiction Central Library, University of Rajshahi Central Library, University of Rajshahi   26/12/2010 Dhaka, Paragon ent. Ltd. 255.00   650.10513 SAB 2009 11/06/2017   C-4 Books  
  Dewey Decimal Classification     Non-fiction Central Library, University of Rajshahi Central Library, University of Rajshahi   26/12/2010 Dhaka, Paragon ent. Ltd. 255.00 1 650.10513 SAB 2009 25/01/2018 04/01/2018 C-5 Books  
  Dewey Decimal Classification     Non-fiction Central Library, University of Rajshahi Central Library, University of Rajshahi   26/12/2010 Dhaka, Paragon ent. Ltd. 255.00 2 650.10513 SAB 2009 29/01/2018 25/01/2018 C-7 Books  
  Dewey Decimal Classification     Non-fiction Central Library, University of Rajshahi Central Library, University of Rajshahi   26/12/2010 Dhaka, Paragon ent. Ltd. 255.00   650.10513 SAB 2009 11/06/2017   C-8 Books  
  Dewey Decimal Classification   Not For Loan Non-fiction Central Library, University of Rajshahi Central Library, University of Rajshahi Reading Room 26/12/2010 Dhaka, Paragon ent. Ltd. 255.00   650.10513 SAB 2009 11/06/2017   C-1 Books  
  Dewey Decimal Classification     Non-fiction Central Library, University of Rajshahi Central Library, University of Rajshahi   26/12/2010 Dhaka, Paragon ent. Ltd. 255.00   650.10513 SAB 2009 11/06/2017   C-10 Books